El trabajo en Grecia y Roma
-д хадгалсан:
| Үндсэн зохиолч: | |
|---|---|
| Формат: | Ном |
| Хэл сонгох: | испани |
| Хэвлэсэн: |
Madrid
Akal
1980
|
| Цуврал: | Akal Bolsillo, 18
|
| Нөхцлүүд: | |
| Шошгууд: |
Шошго нэмэх
Шошго байхгүй, Энэхүү баримтыг шошголох эхний хүн болох!
|
MARC
| LEADER | 00000nam a2200000 a 4500 | ||
|---|---|---|---|
| 001 | UCP9738 | ||
| 003 | CL-VaPUC | ||
| 008 | 000331e19800000SP |||||||||||||||||spa|d | ||
| 082 | 0 | 4 | |a 930 |b MOS |2 21 |
| 100 | |a Mossé, Claude |e autora |9 440493 | ||
| 245 | 1 | 3 | |a El trabajo en Grecia y Roma |
| 300 | |a 178 p | ||
| 942 | |c BK | ||
| 945 | |d 20000331 00:00:00 |a rherrera | ||
| 260 | |a Madrid |b Akal |c 1980 | ||
| 650 | 0 | |a Historia antigua |9 267521 | |
| 650 | 7 | |a TRABAJO HISTORIA |2 CL-VaPUC |9 314158 | |
| 650 | 7 | |a CAMPESINOS |2 CL-VaPUC |9 315355 | |
| 650 | 0 | |a Esclavos |9 258558 | |
| 650 | 7 | |a LATIFUNDIOS |2 CL-VaPUC |9 322398 | |
| 650 | 0 | |a Artesanos |9 269213 | |
| 651 | 0 | |a Grecia |9 265314 | |
| 651 | 0 | |a Roma |9 255106 | |
| 583 | |a last modification |c 20000331 00:00:00 |k Rodrigo Vera | ||
| 490 | 0 | |a Akal Bolsillo, 18 | |
| 999 | |c 286524 |d 286522 | ||
| 952 | |0 0 |1 0 |4 0 |6 930_000000000000000_MOS_1980 |7 0 |8 A |9 332510 |a BIBHIS |b BIBHIS |d 2019-11-20 |i 1261444 |o 930 MOS 1980 |p 1261444 |r 2025-01-20 |w 2019-11-20 |y BK |k HIS | ||